BIBLIOTECA

SENCICO

Antropometría y ergonomía para personas con discapacidad / (Registro nro. 4953)

Detalles MARC
000 -LEADER
fixed length control field 01398nam a22003017a 4500
003 - CONTROL NUMBER IDENTIFIER
control field PE SENCICO BE
005 - DATE AND TIME OF LATEST TRANSACTION
control field 20251020182706.0
008 - FIXED-LENGTH DATA ELEMENTS--GENERAL INFORMATION
fixed length control field 240219b |||||||| |||| 00| 0 eng d
040 ## - CATALOGING SOURCE
Original cataloging agency PE SENCICO BE
Transcribing agency PE SENCICO BE
041 ## - LANGUAGE CODE
Language code of text/sound track or separate title spa
084 ## - OTHER CLASSIFICATION NUMBER
Classification number I
-- DIS
-- 2017
Item number H93
100 1# - MAIN ENTRY--PERSONAL NAME
9 (RLIN) 1966
Personal name Humareda Pantaleón, Ebsel
Relator term autor
245 1# - TITLE STATEMENT
Title Antropometría y ergonomía para personas con discapacidad /
Statement of responsibility, etc. Ebsel Humareda Pantaleón
246 ## - VARYING FORM OF TITLE
Title proper/short title Estudio ergonómico de los incapacitados en silla de ruedas
260 ## - PUBLICATION, DISTRIBUTION, ETC.
Place of publication, distribution, etc. Lima :
Date of publication, distribution, etc. 2017
300 ## - PHYSICAL DESCRIPTION
Extent 56 h. :
Other physical details il. col., plans. ;
Dimensions 30 x 40 cm.
500 ## - GENERAL NOTE
General note El volumen 2 contiene planos.
502 ## - DISSERTATION NOTE
Dissertation note Monografía de Titulación.-- Servicio Nacional de Capacitación para la Industria de la Construcción. Escuela Superior Técnica. Carrera Profesional Técnica en Diseño de Interiores, 2017
505 0# - FORMATTED CONTENTS NOTE
Formatted contents note v. 1. Antropometría y ergonomía para personas con discapacidad (parte teórica) -- v. 2. Estudio ergonómico de los incapacitados en silla de ruedas (parte práctica).
650 10 - SUBJECT ADDED ENTRY--TOPICAL TERM
9 (RLIN) 44
Topical term or geographic name entry element Diseño de interiores
650 20 - SUBJECT ADDED ENTRY--TOPICAL TERM
9 (RLIN) 1967
Topical term or geographic name entry element Acceso para personas con discapacidad
650 20 - SUBJECT ADDED ENTRY--TOPICAL TERM
9 (RLIN) 349
Topical term or geographic name entry element Ergonomía
650 20 - SUBJECT ADDED ENTRY--TOPICAL TERM
9 (RLIN) 1800
Topical term or geographic name entry element Antropometría
650 20 - SUBJECT ADDED ENTRY--TOPICAL TERM
9 (RLIN) 615
Topical term or geographic name entry element Planos
710 1# - ADDED ENTRY--CORPORATE NAME
Corporate name or jurisdiction name as entry element Servicio Nacional de Capacitación para la Industria de la Construcción.
Subordinate unit Escuela Superior Técnica
9 (RLIN) 1065
910 ## - USER-OPTION DATA (OCLC)
-- hfp
-- hfp
942 ## - ADDED ENTRY ELEMENTS (KOHA)
Koha item type Monografía de Titulación
Source of classification or shelving scheme Dewey Decimal Classification
Existencias
Fecha de la última vez que lo usaron Número de ingreso o de inventario Pago total Signatura topográfica completa Código de barras Precio efectivo desde Tipo de documento Estado perdido Estado dañado No es para préstamo Retirado Ubicación permanente Ubicación actual Fecha de adquisición
19/02/2024 I-00460   I/DIS/2017/H93/v. 2 BibLima24020137 19/02/2024 Monografía de Titulación         Biblioteca Central Lima Biblioteca Central Lima 19/02/2024
05/03/2024 I-00546   I/DIS/2017/H93/v. 1 BibLima24030026 05/03/2024 Monografía de Titulación         Biblioteca Central Lima Biblioteca Central Lima 05/03/2024